Statistics for National Parks with Glaciers

Click here to take the quiz!

General Stats

  • This quiz has been taken 61 times
    (58 since last reset)
  • The average score is 14 of 17

Answer Stats

HintAnswer% Correct
AlaskaDenali
100%
MontanaGlacier
100%
ColoradoRocky Mountain
100%
WashingtonOlympic
97%
CaliforniaYosemite
97%
WyomingGrand Teton
91%
WashingtonMount Rainier
91%
CaliforniaSequoia
91%
AlaskaGates of the Arctic
88%
WashingtonNorth Cascades
88%
AlaskaKenai Fjords
82%
NevadaGreat Basin
76%
AlaskaGlacier Bay
73%
AlaskaWrangell-St. Elias
73%
CaliforniaKings Canyon
70%
AlaskaLake Clark
67%
AlaskaKatmai
64%

Score Distribution

Percentile by Number Answered

Percent of People with Each Score

Your Score History

You have not taken this quiz since the last reset